000 00302nam a2200109Ia 4500
008 200302s9999 xx 000 0 und d
100 _aShawna Henderson and Don Roscoe
245 _aSolar Home Design Manual for Cool Climates
260 _bEarthscan Publications Ltd.
260 _c2010
300 _a204 P.,
999 _c3264
_d3264